| 000 | 01081nam a2200265 a 4500 | ||
|---|---|---|---|
| 001 | 69851 | ||
| 003 | BD-RjUL | ||
| 005 | 20211209081931.0 | ||
| 008 | 170413s1996 enka b 001 0 eng | ||
| 020 | _a0750302844 (hbk. : alk. paper) | ||
| 035 | _a(BD-RjUL)70063 | ||
| 040 |
_aDLC _cDLC _dDLC _beng |
||
| 041 | _aeng | ||
| 082 | 0 | 0 |
_223 _a530.411 _bTSE 1996 |
| 100 | 1 |
_aTsirelson, V. G. _q(Vladimir G.) _9206876 |
|
| 245 | 1 | 0 |
_aElectron density and bonding in crystals : _bprinciples, theory, and X-ray diffraction experiments in solid state physics and chemistry / _cV.G. Tsirelson and R.P. Ozerov. |
| 260 |
_aBristol, UK ; _aPhiladelphia, PA : _bInstitute of Physics Pub., _c1996. |
||
| 300 |
_axii, 517 p. : _bill. ; _c24 cm. |
||
| 504 | _aIncludes bibliographical references (p. [482]-513) and index. | ||
| 650 | 0 |
_aElectronic structure. _9206877 |
|
| 650 | 0 |
_aElectron distribution. _9206878 |
|
| 700 | 1 |
_aOzerov, R. P. _q(Ruslan Pavlovich), _d1926- _9206879 |
|
| 856 | 4 | 2 |
_3Publisher description _uhttp://www.loc.gov/catdir/enhancements/fy0661/96002230-d.html |
| 942 |
_2ddc _cBK |
||
| 999 |
_c69851 _d69851 |
||